| 000 | 02162cam a2200349 a 4500 | ||
|---|---|---|---|
| 001 | 15444141 | ||
| 003 | OSt | ||
| 005 | 20160229161358.0 | ||
| 008 | 080909s2009 nyu 000 1 eng | ||
| 010 | _a 2008039605 | ||
| 020 | _a9780061188459 (alk. paper) | ||
| 020 | _a006118845X (alk. paper) | ||
| 035 | _a(OCoLC)ocn248538550 | ||
| 040 | _aSEKU | ||
| 050 | 0 | 0 |
_aPS 3607 .A22 _bT47 2009 |
| 100 | 1 | _aGabbay, Tom. | |
| 245 | 1 | 4 |
_aThe Tehran conviction / _cTom Gabbay. |
| 250 | _a1st ed. | ||
| 260 |
_aNew York : _bWilliam Morrow, _cc2009. |
||
| 300 |
_a282 p. ; _c24 cm. |
||
| 520 | _a"Tehran 1953. Jack Teller, a new recruit to the recently established Central Intelligence Agency, finds himself in Iran posing as a high-level American oil executive as part of Operation Ajax, the agency's first attempt to overthrow the government of a sovereign nation. Torn between loyalty to his country's policies and sympathy for the hopes of a fledgling democracy, Jack must ultimately pick which side he will betray. It is a decision that will affect the future of the Middle East and, eventually, the world. Twenty-six years later, in 1979, Jack returns to a very different Iran. The country is in the grip of a religious revolution, and the streets of the capital city are filled with daily rantings against The Great Satan. Jack's attempt to save one man from Islamic justice -- a man whom he had, at one time, called a friend -- leads him into the heart of an emerging struggle between the West and a new and dangerous ideology"--From publisher description. | ||
| 650 | 0 |
_aTeller, Jack (Fictitious character : Gabbay) _vFiction. |
|
| 650 | 0 |
_aIntelligence officers _vFiction. |
|
| 650 | 0 |
_aAmericans _zIran _vFiction. |
|
| 651 | 0 |
_aIran _xHistory _yCoup d'état, 1953 _vFiction. |
|
| 651 | 0 |
_aIran _xHistory _yRevolution, 1979 _vFiction. |
|
| 655 | 7 |
_aHistorical fiction. _2gsafd |
|
| 655 | 7 |
_aSpy stories. _2gsafd |
|
| 856 | 4 | 2 |
_3Contributor biographical information _uhttp://www.loc.gov/catdir/enhancements/fy0911/2008039605-b.html |
| 856 | 4 | 2 |
_3Publisher description _uhttp://www.loc.gov/catdir/enhancements/fy0911/2008039605-d.html |
| 942 |
_2lcc _cGEN |
||
| 999 |
_c11657 _d11657 |
||